000 00387nam a22001457a 4500
020 _a978-93-83909-77-3
082 _a001
_bAHL/S
100 _aAHLAWAT, ANIL
245 _aSCIENCE IQ CHALLENGE
260 _aDELHI
_bMTG
_c2014
300 _a304
520 _aNATIONAL SCIENCE OLYMPIAD SOLVED PAPERS, NATIONAL TALENT SEARCH EXAMINATION
650 _aGENERAL KNOWLEDGE
_zINDIA
942 _cBK
999 _c6313
_d6313